书目信息 |
| 题名: |
Lotus Organizer一日通
|
|
| 作者: | 肖巍 译 | |
| 分册: | ||
| 出版信息: | 北京 电子工业出版社 1996.06 |
|
| 页数: | 117页 | |
| 开本: | 32开 | |
| 丛书名: | ||
| 单 册: | ||
| 中图分类: | TP317 | |
| 科图分类: | ||
| 主题词: | 软件 | |
| 电子资源: | ||
| ISBN: | 7-5053-3627-4 | |
| 000 | 00532nam0 2200193 45 | |
| 001 | 0004201524 | |
| 005 | 20000420150620.8 | |
| 010 | @a7-5053-3627-4@d7.00元 | |
| 100 | @a20000420d1996 km y0chiy0120 ea | |
| 101 | @achi | |
| 105 | @a z 000yy | |
| 200 | 1 | @aLotus Organizer一日通@ALotus Organizer Yi Ri Tong@f肖巍译@FXiao Wei Yi |
| 210 | @a北京@c电子工业出版社@d1996.06 | |
| 215 | @a117页@d32开 | |
| 606 | 0 | @a软件 |
| 690 | @aTP317@v3 | |
| 701 | @a肖巍@4译 | |
| 801 | @aCN@bPftUser@c20000420 | |
| 905 | @f5@b53376-380@dTP317@eX.125 | |
| Lotus Organizer一日通/肖巍译.-北京:电子工业出版社,1996.06 |
| 117页;32开 |
| ISBN 7-5053-3627-4:7.00元 |
| ● |
| 相关链接 |
|
|
|
正题名:Lotus Organizer一日通
索取号:TP317/X.125
 
预约/预借
| 序号 | 登录号 | 条形码 | 馆藏地/架位号 | 状态 | 备注 |
| 1 | 53376 | 200533761 | 自科二线504/504自科库 4排3列2层/ [索取号:TP317/X.125] | 在馆 | |
| 2 | 53377 | 200533770 | 自科二线504/504自科库 5排4列3层/ [索取号:TP317/X.125] | 在馆 | |
| 3 | 53378 | 200533789 | 期刊室512/301自科库 53排2列2层/ [索取号:TP317/X.125] | 在馆 | |
| 4 | 53379 | 200533798 | 期刊室512/301自科库 53排2列2层/ [索取号:TP317/X.125] | 在馆 | |
| 5 | 53380 | 200533805 | 自科二线504/504自科库 4排3列2层/ [索取号:TP317/X.125] | 在馆 |